000 01188nam0a22002891 4500
001 rc\2817734
005 20260406080801.0
035 _a(NLR Aleph) 006943437
090 _a5174399
_c5174399
100 _a20110915d1936 |||y0rusy50 ca
101 0 _arus
102 _aRU
105 _aace z |||c|
200 1 _aК. Менье
_e[Очерк творчества]
_e56 ил.
_fИ. С. Рабинович
210 _a[Москва]
_a[Ленинград]
_cИзогиз
_d1936
_eЛенинград
_gтип. им. Ив. Федорова
215 _aПеренплет, 100, [2] с., 9 вкл. л. ил., портр.
_cил.
_d22х15 см.
225 1 _aМастера западного искусства
300 _aНа перепл. автор не указан
320 _aБиблиогр.: "Библиография" (с. 96-99)
700 1 _7ca
_8rus
_aРабинович
_bИ. С.
_cискусствовед, критик
_f1881-1954
_gИзраиль Савельевич
_9221309
_3RU\NLR\AUTH\770221365
801 0 _aRU
_bNLR
_gpsbo
801 1 _aRU
_bELAR
_2rusmarc
801 2 _aRU
_bNLR
_c20170313
_2rusmarc
852 _aNLR
_j36-3/751
942 _cBOOK
980 _aNB